Sociolinguistics and second language acquisition (Record no. 1378365)

MARC details
000 -LEADER
fixed length control field 00553nam a2200193Ia 4500
005 - DATE AND TIME OF LATEST TRANSACTION
control field 20250508162729.0
008 - FIXED-LENGTH DATA ELEMENTS--GENERAL INFORMATION
fixed length control field 008 250505s9999 xx 000 0 eng d
020 ## - INTERNATIONAL STANDARD BOOK NUMBER
International Standard Book Number 0-631-15245-8
037 ## - SOURCE OF ACQUISITION
Stock number Textual
040 ## - CATALOGING SOURCE
Original cataloging agency FEDL
Language of cataloging eng
Transcribing agency FEDL
041 ## - LANGUAGE CODE
Language code of text/sound track or separate title eng
Source of code eng
084 ## - COLON CLASSIFICATION NUMBER
Classification number 306.44, PRE
Assigning agency FEDL
100 ## - MAIN ENTRY--PERSONAL NAME
Personal name Preston Dennis R.
245 #0 - TITLE STATEMENT
Title Sociolinguistics and second language acquisition
260 ## - PUBLICATION, DISTRIBUTION, ETC.
Place of publication, distribution, etc. New York, USA
Name of publisher, distributor, etc. Basil Blackwell Limited
Date of publication, distribution, etc. 1989
300 ## - PHYSICAL DESCRIPTION
Extent xv,326p.
942 ## - ADDED ENTRY ELEMENTS (KOHA)
Koha item type Textual
Classification part 306.44, PRE
Holdings
Withdrawn status Lost status Damaged status Not for loan Home library Current library Date acquired Total Checkouts Full call number Barcode Date last seen Price effective from Koha item type
        Department of Education Library Department of Education Library 2025-05-08   306.44, PRE EL0071056 2025-05-08 2025-05-08 Textual
Copyright @ Delhi University Library System